000 00873nam a2200229 i 4500
001 182185
003 ES-MaACL
005 20231022193848.0
008 130621s2011 sp |||| | spa d
020 _a978-84-00-09423-2 (CSIC)
020 _a978-84-8319-668-7 (Catarata)
100 1 _aCasado de Otaola, Santos.
_936016
245 1 0 _aMalaspina 2010
_b: crónica de un viaje oceanográfico alrededor del mundo /
_cSantos Casado.
260 _aMadrid :
_bConsejo Superior de Investigaciones Científicas :
_bLos libros de la Catarata,
_cD.L. 2011.
300 _a275 p. :
_bil. col. ;
_c21 cm.
490 1 _aDivulgación ;
_v16
650 4 _aOceanografía-
_xInvestigación-
_zEspaña.
_9152979
830 0 _aDivulgación ;
_v16
_9191745
852 _aES-MaACL
_jA-12766
_9189096
_bR.148992
_cDEPO1
_dOlim: N-5766
942 _2udc
_cMONOGRAFIA
999 _c182185
_d182185